<?xml version="1.0" encoding="UTF-8"?>
<marc:record xmlns:marc="http://www.loc.gov/MARC21/slim">
   <marc:leader>00000nam a2200000 a 4500</marc:leader>
   <marc:datafield ind1="1" ind2=" " tag="100">
      <marc:subfield code="a">Ho-kei, Chan</marc:subfield>
      <marc:subfield code="4">aut</marc:subfield>
      <marc:subfield code="e">Verfasser/-in</marc:subfield>
   </marc:datafield>
   <marc:datafield ind1=" " ind2=" " tag="653">
      <marc:subfield code="a">Krimi</marc:subfield>
   </marc:datafield>
   <marc:datafield ind1="0" ind2="0" tag="245">
      <marc:subfield code="a">Das Auge von Hongkong</marc:subfield>
   </marc:datafield>
   <marc:datafield ind1="0" ind2="0" tag="245">
      <marc:subfield code="b">die sechs Fälle des Inspector Kwan ; Kriminalroman</marc:subfield>
   </marc:datafield>
   <marc:datafield ind1=" " ind2="1" tag="264">
      <marc:subfield code="b">Atrium</marc:subfield>
      <marc:subfield code="c">2018</marc:subfield>
   </marc:datafield>
   <marc:datafield ind1="1" ind2=" " tag="520">
      <marc:subfield code="a">Ein spannender Krimi und Gesellschaftsroman, der auch die Geschichte einer einzigartigen Stadt erzählt. (DR) Inspektor Kwan ist so etwas wie der Sherlock Holmes von Hongkong: Ein legendenumwobener Ausnahmepolizist, der wegen seiner kombinatorischen Fähigkeiten "Das Auge von Hongkong" genannt wird. Kwan liegt im Sterben, als sein alter Schüler Sunny Lok ihn um Hilfe bei der Lösung eines bizarren Mordes bittet. Vom Sterbebett aus knackt das kriminalistische Mastermind ein scheinbar unlösbares Rätsel und damit den letzten der insgesamt sechs Fälle, die dieser außergewöhnliche Kriminalroman erzählt. Jeder dieser sechs Fälle spielt zu einem für Hongkong entscheidenden Zeitpunkt in seiner neueren Geschichte seit den späten 60er Jahren. Dass die Erzählungen in umgekehrter Chronologie verfasst sind, ist zunächst ungewöhnlich, es bieten sich dadurch aber viele Verknüpfungen und Überraschungen, die diesen Roman zu etwas ganz Besonderem machen. Chan Ho-keis Erzählstil reißt die LeserInnen sofort mit in die faszinierende Welt Hongkongs und seiner BewohnerInnen. Der Autor geht mit diesem Buch weit über den herkömmlichen Kriminalroman hinaus. Er beschäftigt sich auf subtile Weise mit dem Zustand der Gesellschaft in dieser magischen Stadt. Ein Buch, das man jeder Bibliothek empfehlen kann!</marc:subfield>
   </marc:datafield>
   <marc:datafield ind1=" " ind2=" " tag="020">
      <marc:subfield code="a">9783855350285</marc:subfield>
      <marc:subfield code="9">9783855350285</marc:subfield>
   </marc:datafield>
</marc:record>
